the grudge - Olivia Rodrigo (All Lyrics) - Statistics

General Stats
  • This quiz has been taken 193 times
  • The average score is 345 of 390
Answer Stats
Lyrics % Correct
a
98%
But
98%
but
98%
but,
98%
I
98%
it
97%
It
97%
you
97%
You
97%
be
96%
that
96%
to
96%
and
95%
And
95%
di
95%
do
95%
ever
95%
every
95%
the
95%
The
95%
think
95%
did
94%
in
94%
In
94%
try
94%
we
94%
your
94%
have
93%
I'm
93%
when
93%
could
92%
don't
92%
everything
92%
everything,
92%
for
92%
my
92%
My
92%
on
91%
so
91%
car,
90%
fine
90%
forgive,
90%
know
90%
know,
90%
tried,
90%
tried
90%
care,
89%
easily?
89%
go,
89%
grudge
89%
How
89%
I've
89%
like
89%
long
89%
love,
89%
me
89%
still
89%
things
89%
about
88%
can't
88%
entire
88%
hold
88%
nightmares
88%
strong
88%
tough,
88%
tough
88%
call
87%
feel
87%
Friday
87%
from
87%
let
87%
scream
87%
takes
87%
wanna
87%
was
87%
why
87%
anybody
86%
not
86%
One
86%
world
86%
fingers
85%
May
85%
time
85%
changed
84%
damage
84%
hear
84%
phone
84%
say
84%
depends
83%
detail
83%
life
83%
Took
83%
Trust
83%
all
82%
all?
82%
between
82%
crushed
82%
strength
82%
enough
81%
loved
81%
betrayed,
80%
bed
79%
blood,
79%
'bout
79%
head
79%
insecure,
79%
lingers
79%
little
79%
must
79%
never
79%
people
79%
sorry
79%
this
79%
this,
79%
were
79%
confusion
78%
drew
78%
fuckin'
78%
unhappy
78%
won
78%
you're
78%
both
77%
hurt
77%
against
76%
arguments
76%
before
76%
doubt
76%
equal
76%
heart,
76%
those
76%
understand
76%
voice
76%
alone,
75%
shower,
75%
week
75%
would
75%
cuts
74%
each
74%
mirror
74%
guilty
73%
man,
73%
undying
73%
Yeah,
73%
want
72%
make
70%
deserved
69%
now,
68%
fantasize
67%
mean
67%
onto
65%
even
64%
more
63%
after
62%
up
59%
watch
59%
fall
58%
Ooh,
57%
guess
56%
flowers
55%
with
54%
filled
53%
yet
52%
built
51%
there
50%
sure
49%
that's
47%
vitriol
39%
No matching quizzes found
Score Distribution
Percent of People with Each Score
Percentile by Number Answered
Your Score History
You have not taken this quiz